| 000 | 00387nam a2200169Ia 4500 | ||
|---|---|---|---|
| 100 | _aLimaye/M.G | ||
| 650 | _aSoftware testing | ||
| 942 | _cBK | ||
| 366 | _f25 | ||
| 654 | _asoftware testing | ||
| 245 | _aSoftware testing: Principles techniques and tools | ||
| 260 |
_bMc Graw Hill _c2009 |
||
| 082 |
_a5.15 _bLIM |
||
| 300 | _a523 | ||
| 546 |
_aENGLISH _cComputers |
||
| 999 |
_c31749 _d31749 |
||